| 000 | 00663nam a2200193 i 4500 | ||
|---|---|---|---|
| 001 | 188251 | ||
| 003 | ES-MaACL | ||
| 005 | 20250807071936.0 | ||
| 008 | 180718s1931 sp |||| | spa d | ||
| 100 | 1 |
_aRussell, Bertrand, _d1872-1970 _9101033 |
|
| 245 | 1 | 3 |
_aLa conquista de la felicidad / _cBertrand Russell ; traductor: Julio Huici. |
| 250 | _a1ª ed. | ||
| 260 |
_aMadrid [etc] : _bEspasa-Calpe, _c1931. |
||
| 300 |
_a256 p. ; _c20 cm. |
||
| 650 | 0 | 7 |
_aFelicidad _2embne _912743 |
| 700 | 0 |
_aHuici, Julio. _964659 |
|
| 852 |
_aES-MaACL _jL-32101 _z.- Donat. herederos de la bibl. de Mª del Pilar Costa Palacín |
||
| 999 |
_c188251 _d188251 |
||